000 00470nam a22001817a 4500
005 20230117113303.0
008 220221b ||||| |||| 00| 0 eng d
020 _a978-81-7800-290-3
041 _aeng
082 _a571.32
_bLYE-A
100 _aLYENGAR, M.A AND NAYAK, S.G.K
_95082
245 _aANATOMY AND CRUDE DRUGS
250 _a12TH, ED.
260 _aHYDERABAD
_bPHARMA MED PRESS
_c2006
300 _a77;p
650 _aPHARMACY
_xB.PHARMA
_97083
942 _cBK
999 _c7973
_d7971